Ingeniería computacional : diseño del hardware

Bibliographic Details
Main Author: Mano, M. Morris
Format: Section = Libro
Language:Undetermined
Spanish
Published: México Prentice Hall 1991
Subjects:
LEADER 00501nam a2200181Ia 4500
008 240829s9999 xx 000 0 und d
020 |a 968-880-220-4 
040 |a BIBLIOTECA-RUPAP 621.38195 M285 
041 |a spa 
082 |a 621.38195 M285 
100 1 |a Mano, M. Morris 
245 1 0 |a Ingeniería computacional : diseño del hardware 
260 |a México  |b Prentice Hall  |c 1991 
300 |a 458 p. :il. 
650 7 |a COMPUTADORAS ELECTRONICAS. I. Tít. 
942 |c BK  |2 ddc 
991 |a TEXTO 
999 |c 8184